Religion by Letter - L - Statistics

General Stats
  • This quiz has been taken 224 times
  • The average score is 14 of 20
Answer Stats
Hint Answer % Correct
Founder of the Protestant branch Martin Luther
94%
Another name for the devil Lucifer
91%
Another name for the Mormon church {Latter}-Day Saints
84%
"Sharia" is a term for the Islamic ... Law
84%
Insect that plagued the Egyptians Locusts
84%
Final meal Jesus shared with his apostles Last Supper
82%
Least Muslim Arab country Lebanon
82%
Norse trickster god Loki
80%
His wife became a pillar of salt Lot
77%
One of the "Four Evangelists" Luke
71%
Musical instrument David played Lyre
71%
Head of a monastery in Tibetan Buddhism Lama
68%
Last pagan country in Europe Lithuania
68%
Jesus brought him back from the dead Lazarus
67%
Place for unbaptized babies, neither heaven nor hell Limbo
67%
Founder of Daoism Laozi
63%
One of the books of the Torah Leviticus
56%
First wife of Adam Lilith
52%
Members of a religious community who are not clergy Layperson
48%
The Israelites put this on their doors so that the tenth plague will pass them over Lamb's Blood
42%
No matching quizzes found
Score Distribution
Percent of People with Each Score
Percentile by Number Answered
Your Score History
You have not taken this quiz